000 02037cam a2200337 a 4500
001 5971
003 FISKH
005 20250225093838.0
008 980206r19981996caua 000 1 eng
010 _a 98013247
020 _a0062515608 (cloth)
020 _a0062515675 (pbk.)
020 _a9780007848423
_c$12.00
040 _aDLC
_cDLC
_dDLC
_beng
050 _aPR9199.S497 M6
082 _a813.54
100 1 _aSharma, Robin S.
_q(Robin Shilp),
_d1964-
245 1 4 _aThe monk who sold his Ferrari :
_bA spiritual fable about fulfilling your dreams and reaching your destiny /
_cRobin S. Sharma.
250 _aThis edition published by Harper Thorsons 2014
260 _aHarper Collins :
_bLondon,
_c1997
300 _a231 pages :
_c18 cm
500 _aA captivating story that teaches as it delight.
520 _aIncludes a bonus excerpt of Robin Sharma's upcoming The Secret Letters of the Monk Who Sold His Ferrari. With more than four million copies sold in fifty-one languages, The Monk Who Sold His Ferrari launched a bestselling series and continues to help people from every walk of life live with far greater success, happiness and meaning in these times of dramatic uncertainty. The Monk Who Sold His Ferrari celebrates the story of Julian Mantle, a successful but misguided lawyer whose physical and emotional collapse propels him to confront his life. The result is an engaging odyssey on how to release your potential and live with passion, purpose and peace. A brilliant blend of timeless wisdom and cutting-edge success principles, The Monk Who Sold His Ferrari is now, more than ever, a guide for the times, as countless Canadians dedicate themselves to living a life where family, work and personal fulfillment are achieved in harmonious balance.
650 0 _aSelf-realization
_vFiction.
650 0 _aConduct of life
_vFiction.
655 7 _aDidactic fiction.
_2gsafd
655 7 _aFables.
_2gsafd
906 _a7
_bcbc
_corignew
_d1
_eocip
_f19
_gy-gencatlg
942 _2ddc
_cBK
_n0
999 _c5971
_d5971